000 00881nac a22002657a 4500
001 BR4000057
003 BR-BrBNA
005 20240105112817.0
008 230509b bl.|||m| |||| 00| 0 por d
040 _aBR-BrBNA
_bpor
_cBiblioteca Nacional de Agricultura
072 _aD50; E70
090 _aD50 BR4000057
110 1 _aMinisterio das Relacoes Exteriores, Rio de Janeiro, GB (Brasil)
_97099
245 1 _aConvenio sobre exposicoes de amostras e vendas de produtos nacionais entre o Brasil e o Uruguai [Legislacao; Comercializacao]
260 3 _aRio de Janeiro, GB (Brasil):
_c1940.
300 _a8 p.
490 _aColecao de Atos Internacionais (Brazil)
_vno. 118
_x
650 _aLEGISLACAO
650 _aCOMERCIALIZACAO
650 _aVENDA
650 _aDECRETO
650 _aURUGUAI
909 _a202312
_bLúcia Elande
_c55
_dLúcia Elande
942 _2AGRIS
_n0
_cMS
999 _c260405
_d260405